Statistiken für Bundesländer (offizielle Abkürzungen)

Klicken Sie hier um das Quiz zu spielen!

Allgemein

  • Dieses Quiz wurde 351 mal gespielt
  • Das Durchschnittsergebnis liegt bei 8 aus 16

Antwortstatistiken

BundeslandKürzel% Korrekt
Baden-WürttembergBW
97%
BerlinBE
95%
BayernBY
92%
BrandenburgBB
83%
HamburgHH
77%
HessenHE
70%
Mecklenburg-VorpommernMV
65%
BremenHB
64%
NiedersachsenNI
46%
Nordrhein-WestfalenNW
37%
Rheinland-PfalzRP
33%
SaarlandSL
23%
SachsenSN
11%
Sachsen-AnhaltST
6%
Schleswig-HolsteinSH
5%
ThüringenTH
5%

Verteilung der Resultate

Perzentil nach korrekt beantworteten Fragen

Anzahl Personen mit jedem Resultat

Ihre Resultats-Entwicklung

Sie haben dieses Quiz noch nicht gespielt